| 000 | 00699nam a2200229 a 4500 | ||
|---|---|---|---|
| 001 | 51852 | ||
| 003 | BD-RjUL | ||
| 005 | 20211209075723.0 | ||
| 008 | 160904s1977 xxu||||| |||| 001 0 eng d | ||
| 035 | _a(BD-RjUL) 51972 | ||
| 040 |
_aBD-RjUL _beng _cBD-RjUL _dBD-RjUL |
||
| 041 | _aeng | ||
| 082 |
_223 _a338.954 _bJOR 1977 |
||
| 100 |
_aJoshi, Navin Chandra _9155110 |
||
| 245 |
_aReadings in applied economics : _bIndia's critical issues analysed / _cNavin Chandra Joshi |
||
| 260 |
_aDelhi : _bVivek Pub. Co., _c1977. |
||
| 300 |
_axv, 272 p. ; _c19 cm. |
||
| 500 | _aIncludes index. | ||
| 650 |
_aDeveloping countries _zIndia _9155111 |
||
| 650 |
_aEconomic policy _9155112 |
||
| 942 |
_2ddc _cBK |
||
| 999 |
_c51852 _d51852 |
||